000 00297nam a2200133 i 4500
001 bg
245 0 _aDielektriki i poluprovodniki.Vyp.13.
260 _aKiev,
_c1978.
040 _cBPK
041 _apol
080 _a621.315.5:621.38
942 _cKS
008 s pl f |000 0 pol
999 _c17988
_d17988
856 _uhttp://koha.tu.koszalin.pl/cgi-bin/koha/opac-detail.pl?biblionumber=17988
_yKatalog online BPK